00727nam a22001577a 4500008004100000040005500041080002400096245017300120260005500293300001100348650001300359653001900372942001200391999001700403952014900420230627b |||||||| |||| 00| 0 eng d aNational Science LibrarycNational Science Library a621(082.2)(540)bJ4 aProceedings of the conference on the development of atomic energy for peaceful purposes in India: bNew Delhi, November 26-17, 1954c/ GOI, Department of Atomic energy  aDelhi: b GOI, Department of Atomic energy, c1954 a280p.  aScience  aAtomic energy  2udccPR c47515d47515 00102udc4066210822540_J470972581aNSLbNSLcGF/Rk-9/C-11/R-5d1969-05-17l0o621(082.2)(540) J4p26932r2023-06-27 00:00:00w1969-05-17yPR